书目信息 |
| 题名: |
现代汉语多义词词典
|
|
| 作者: | 袁晖 主编 | |
| 分册: | ||
| 出版信息: | 山西 书海出版社 2001.8 |
|
| 页数: | 1册 | |
| 开本: | 19cm | |
| 丛书名: | ||
| 单 册: | ||
| 中图分类: | H136.2-61 | |
| 科图分类: | ||
| 主题词: | 多义词--duo yi ci , 汉语--han yu--多义词--现代--词典 | |
| 电子资源: | ||
| ISBN: | 7-80550-325-7 | |
| 000 | 00839nam0 2200265 450 | |
| 001 | CAL 012006006308 | |
| 005 | 20231218171922.95 | |
| 010 | @a7-80550-325-7@b精装@dCNY48.00 | |
| 099 | @aCAL 012006006308 | |
| 100 | @a20060825e20062001em y0chiy0120 ea | |
| 101 | 0 | @achi |
| 102 | @aCN@b140000 | |
| 105 | @ay e 001yy | |
| 200 | 1 | @a现代汉语多义词词典@Axian dai han yu duo yi ci ci dian@f袁晖主编 |
| 205 | @a2版@b修订本 | |
| 210 | @a山西@c书海出版社@d2001.8@h2006.6重印 | |
| 215 | @a1册@d19cm | |
| 320 | @a有音序索引、笔画索引 | |
| 330 | @a本词典共收现代汉语多义词8100条, 词条按首字音序排列, 每个义项也均标注词性。 | |
| 606 | 0 | @a多义词@Aduo yi ci |
| 606 | 0 | @a汉语@Ahan yu@x多义词@z现代@j词典 |
| 690 | @aH136.2-61@v4 | |
| 701 | 0 | @a袁晖@Ayuan hui@4主编 |
| 801 | 0 | @aCN@b河南城建学院图书馆@c20061030 |
| 905 | @dH136.2-61@eY893 | |
| 现代汉语多义词词典/袁晖主编.-2版,修订本.-山西:书海出版社,2001.8(2006.6重印) |
| 1册;19cm |
| ISBN 7-80550-325-7(精装):CNY48.00 |
| 本词典共收现代汉语多义词8100条, 词条按首字音序排列, 每个义项也均标注词性。 |
| ● |
| 相关链接 |
|
|
|
正题名:现代汉语多义词词典
索取号:H136.2-61/Y893
 
预约/预借
| 序号 | 登录号 | 条形码 | 馆藏地/架位号 | 状态 | 备注 |
| 1 | 1548546 | 215485464 | 语言库209/209语言库 71排4列2层/ [索取号:H136.2-61/Y893] | 在馆 | |
| 2 | 633126 | 206331263 | 语言库209/209语言库 71排4列2层/ [索取号:H136.2-61/Y893] | 在馆 | |
| 3 | 633127 | 206331272 | 语言库209/209语言库 71排4列2层/ [索取号:H136.2-61/Y893] | 在馆 | |
| 4 | 633128 | 206331281 | 语言库209/209语言库 71排4列2层/ [索取号:H136.2-61/Y893] | 在馆 |